Mayors of Boston by Picture - Statistics

General Stats
  • This quiz has been taken 11 times
    4 since last reset
  • The average score is 18 of 49
Answer Stats
Picture Hint Answer % Correct
1914-1918 | 1922-1926 | 1930-1934 | 1946-1950 James M. Curley
100%
2014-2021 Marty Walsh
100%
2021-Present Michelle Wu
100%
1968-1984 Kevin White
75%
1984-1993 Raymond Flynn
75%
1993-2014 Thomas Menino
75%
1829-1832 Harrison G. Otis
50%
1854-1856 Jerome V. C. Smith
50%
1950-1960 John B. Hynes
50%
1960-1968 John F. Collins
50%
1906-1908 | 1910-1914 John F. Fitzgerald
50%
2021 Kim Janey
50%
1938-1945 Maurice J. Tobin
50%
1902-1905 Patrick Collins
50%
1845 Thomas Aspinwall Davis
50%
1883-1884 Albert Palmer
25%
1856-1858 Alexander H. Rice
25%
1918-1922 Andrew J. Peters
25%
1884-1885 Augustus Pearl Martin
25%
1852-1854 Benjamin Seaver
25%
1832-1834 Charles Wells
25%
1905-1906 Daniel A. Whelton
25%
1895-1896 Edwin Upton Curtis
25%
1934-1938 Frederick Mansfield
25%
1877-1878 | 1879-1882 Frederick O. Prince
25%
1858-1861 | 1863-1867 Frederic W. Lincoln Jr.
25%
1908-1910 George A. Hibbard
25%
1873 | 1878-1879 Henry L. Pierce
25%
1885-1889 Hugh O'Brien
25%
1945-1946 John E. Kerrigan
25%
1849-1852 John P. Bigelow
25%
1822-1823 John Phillips
25%
1840-1843 Jonathan Chapman
25%
1861-1863 Joseph Wrightman
25%
1823-1829 Josiah Quincy III
25%
1845-1849 Josiah Quincy IV
25%
1896-1900 Josiah Quincy VI
25%
1873-1874 Leonard R. Cutter
25%
1926-1930 Malcolm Nichols
25%
1843-1845 Martin Brimmer
25%
1868-1871 Nathaniel B. Shurtleff
25%
1891-1895 Nathan Matthews Jr.
25%
1867-1868 Otis Norcross
25%
1882-1883 Samuel Abbott Green
25%
1837-1840 Samuel Atkins Eliot
25%
1874-1877 Samuel C. Cobb
25%
1836-1837 Samuel Turell Armstrong
25%
1889-1890 | 1900-1902 Thomas N. Hart
25%
1871-1873 William Gaston
25%
No matching quizzes found
Score Distribution
Percent of People with Each Score
Percentile by Number Answered
Your Score History
You have not taken this quiz since the last reset